Safahat (Record no. 5157)

MARC details
000 -BAŞLIK
Sabit Uzunlukta Kontrol Alanı 00744na a2200241 4500
001 - KONTROL NUMARASI
Denetim Alanı 16013
003 - KONTROL NUMARASI IDENTIFIER
Denetim Alanı MIRAKIL
005 - SON İŞLEM TARİHİ VE ZAMANI
Denetim Alanı 20181213155029.0
008 - SABİT-BOY VERİ ELEMANLARI - GENEL BİLGİLER
Sabit Uzunlukta Kontrol Alanı 161013b tu 000 0
035 ## - SİSTEM KONTROL NUMARASI
Sistem Kontrol Numarası 16013
040 ## - KATALOGLAMA KAYNAK
Orijinal Kataloglama Ajansı Milas
Kataloglama Dili tur
Metne Dönüştürmek Ajansı TR-AnCHP
041 ## - DİL KODU
Metin / Ses Parça Veya Ayrı Başlığın Dil Kodu tur
082 ## - DEWEY ONLU SINIFLANDIRMA NUMARASI
Sınıflandırma Numarası 811.41
Ürün Numarası E67s 2005
090 ## - SINIFLAMA NUMARASI
Sınıflama Numarası 811.41 E67s 2005
100 ## - ANA GİRİŞ - KİŞİSEL İSİM
Kişisel Ad Ersoy, Mehmet Akif
Bir Adıyla İlişkilendirilen Tarihler 1873- 1936
245 ## - BAŞLIK TABLOSU
Başlık Safahat
Başlığın Kalan Milletimizin, dilimizin ve istiklalimizin şairi
Sorumluluk Tablosu, Vb Mehmet Akif Ersoy
246 ## - UNVAN FORM VARYING
Başlık Doğru / Kısa Başlığı Milletimizin, dilimizin ve istiklalimizin şairi
260 ## - YAYIN, DAĞITIM, VB
Yayın, Dağıtım, Vb Yeri Kırşehir
Yayıncı, Dağıtıcı, Vs Adı Kırşehir Belediyesi
Yayın, Dağıtım, Vb Tarihi 2005
300 ## - FİZİKSEL TANIM
Kapsam 631 s.
Diğer Fiziksel Ayrıntıları ftg.
Boyutlar 19 sm.
600 ## - KONU KATMA GİRİŞ - KURUMSAL ADI
Kişisel Ad Ersoy, Mehmet Akif
Başlıklar Ve Bir Adla İlişkili Diğer Kelimeler İstiklal şairi
Genel Alt Bölümü Yaşamöyküsü
650 ## - KONU KATMA GİRİŞ - TOPİKAL DÖNEM
Topikal Süreli Veya Coğrafi Ad Giriş Elemanı Türkçe şiir
942 ## - EKLENDİ GİRİŞ ELEMANLARI (KOHA)
Sınıflandırma Veya Raf Düzeni Kaynak Dewey Decimal Classification
Koha Öğesi Türü Books
999 ## - SİSTEM KONTROL NUMARALARI (KOHA)
Koha Biblionumber 5157
Koha Biblioitemnumber 5157
Holdings
Kalıcı Konum Mevcut Konum Edinme Tarihi Edinim Kaynak Toplam Check-Out'Lar Tam Çağrı Numarası Barkod Tarih Son Görülme İtibaren Geçerli Fiyatlar Koha Öğesi Türü
CHP Kütüphanesi CHP Kütüphanesi 09/28/2016 Bağış   811.41 E67s 2005 004627 09/28/2016 09/28/2016 Books